Marriage and family The quest for intimacy
Quỹ Châu Á
Spremljeno u:
| Glavni autor: | |
|---|---|
| Daljnji autori: | |
| Format: | Knjiga |
| Jezik: | Undetermined |
| Izdano: |
Boston
McGraw-Hill
2007
|
| Teme: | |
| Online pristup: | http://lrc.tdmu.edu.vn/opac/search/detail.asp?aID=2&ID=34739 |
| Oznake: |
Dodaj oznaku
Bez oznaka, Budi prvi tko označuje ovaj zapis!
|
| Thư viện lưu trữ: | Trung tâm Học liệu Trường Đại học Thủ Dầu Một |
|---|
| LEADER | 00882nam a2200229Ia 4500 | ||
|---|---|---|---|
| 001 | TDMU_34739 | ||
| 008 | 210410s9999 xx 000 0 und d | ||
| 082 | |a 708.95195 | ||
| 090 | |b L111 | ||
| 100 | |a Lauer, Robert H | ||
| 245 | 0 | |a Marriage and family | |
| 245 | 4 | |b The quest for intimacy | |
| 245 | 0 | |c Robert H. Lauer and Jeanette C. Lauer | |
| 260 | |a Boston | ||
| 260 | |b McGraw-Hill | ||
| 260 | |c 2007 | ||
| 300 | |a xxv, 469 p. | ||
| 520 | |a Quỹ Châu Á |c Tặng; 4 parts: The context of intimacy; seeking intimate relationships; the intimate couple; intimacy in falilies; challenges to intimacy | ||
| 650 | |a Marriage |x Families |z United States; Hôn nhân |x Gia đình |z Hoa Kỳ (Mỹ) | ||
| 700 | |a Lauer, Jeanette C | ||
| 856 | |u http://lrc.tdmu.edu.vn/opac/search/detail.asp?aID=2&ID=34739 | ||
| 980 | |a Trung tâm Học liệu Trường Đại học Thủ Dầu Một | ||